Music Quiz

Random Music or Country Music Quiz

Lyrics: 'Muskrat Love' - Captain & Tenille Quiz Stats

 Plays Quiz not verified by Sporcle

Score 0/147 Timer 09:00
0 Plays Today
% Correct
Muskrat,
98.8%
muskrat
98.8%
Muskrat
98.8%
Muskrat
98.8%
muskrat
98.8%
the
98.8%
love.
98.8%
muskrat
98.8%
the
98.8%
muskrat
98.8%
love.
98.8%
[Electronic rodent copulating]
98.8%
the
98.8%
muskrat
98.8%
love.
98.8%
the
97.6%
the
97.6%
the
97.6%
the
97.6%
the
97.6%
the
97.6%
in
90.5%
in
90.5%
Susie
90.5%
and
88.1%
And
88.1%
And
88.1%
and
88.1%
and
88.1%
and
88.1%
And
88.1%
and
88.1%
and
88.1%
and
88.1%
And
88.1%
and
88.1%
and
88.1%
and
88.1%
be
85.7%
do
84.5%
they
84.5%
they
84.5%
they
84.5%
they
84.5%
to
84.5%
to
84.5%
they
84.5%
to
84.5%
they
84.5%
% Correct
they
84.5%
they
84.5%
they
84.5%
they
84.5%
they
84.5%
Susie,
82.1%
Sam
82.1%
Sam
82.1%
Susie,
82.1%
it
78.6%
says
76.2%
you
76.2%
says
76.2%
like
76.2%
like
76.2%
like
76.2%
like
76.2%
like
76.2%
like
76.2%
so
71.4%
her
71.4%
her
71.4%
her
71.4%
on
70.2%
on
70.2%
land.
69%
my
69%
with
63.1%
Looks
63.1%
looks
63.1%
looks
63.1%
Doing
61.9%
doing
61.9%
above.
60.7%
above,
60.7%
above,
60.7%
would
59.5%
please
57.1%
As
57.1%
heavens
57.1%
heavens
57.1%
heavens
57.1%
It's
56%
Now,
56%
now
56%
right
53.6%
jitterbug
53.6%
yes
52.4%
candlelight.
50%
% Correct
he's
50%
kisses.
48.8%
out
47.6%
town,
45.2%
Floating
45.2%
Floating
45.2%
Floating
45.2%
evening.
44%
missus?'
44%
goes.
42.9%
whirled
41.7%
whirled
41.7%
whirled
41.7%
skinny.
40.5%
twirled
40.5%
singing
40.5%
twirled
40.5%
singing
40.5%
twirled
40.5%
singing
40.5%
'Honey,
39.3%
giggle.
39.3%
Sue
38.1%
shimmy,
36.9%
toes.
36.9%
starts
36.9%
jango.
35.7%
tickling
35.7%
fancy,
35.7%
jango.
35.7%
jango.
35.7%
Muzzle
34.5%
muzzle,
34.5%
chewing
33.3%
cheese.
33.3%
anything
33.3%
pleasin'.
32.1%
tangoed,
32.1%
jinging
32.1%
rubbing
32.1%
tangoed,
32.1%
jinging
32.1%
tangoed,
32.1%
jinging
32.1%
Sammy's
31%
pretty
29.8%
Nibbling
29.8%
bacon,
28.6%
wriggle,
28.6%

You're not logged in!

Compare scores with friends on all Sporcle quizzes.
OR
Log In

Show Comments

Extras

Top Quizzes Today


Score Distribution

Your Account Isn't Verified!

In order to create a playlist on Sporcle, you need to verify the email address you used during registration. Go to your Sporcle Settings to finish the process.

Report this User

Report this user for behavior that violates our Community Guidelines.

Details: